<?xml version="1.0" encoding="UTF-8"?><?xml-stylesheet type="text/xsl" href="static/style.xsl"?><OAI-PMH xmlns="http://www.openarchives.org/OAI/2.0/" xmlns:xsi="http://www.w3.org/2001/XMLSchema-instance" xsi:schemaLocation="http://www.openarchives.org/OAI/2.0/ http://www.openarchives.org/OAI/2.0/OAI-PMH.xsd"><responseDate>2026-04-13T02:07:10Z</responseDate><request verb="GetRecord" identifier="oai:www.recercat.cat:2099.1/16119" metadataPrefix="marc">https://recercat.cat/oai/request</request><GetRecord><record><header><identifier>oai:recercat.cat:2099.1/16119</identifier><datestamp>2025-07-23T03:27:47Z</datestamp><setSpec>com_2072_1033</setSpec><setSpec>col_2072_452951</setSpec></header><metadata><record xmlns="http://www.loc.gov/MARC21/slim" xmlns:dcterms="http://purl.org/dc/terms/" xmlns:xsi="http://www.w3.org/2001/XMLSchema-instance" xmlns:doc="http://www.lyncode.com/xoai" xsi:schemaLocation="http://www.loc.gov/MARC21/slim http://www.loc.gov/standards/marcxml/schema/MARC21slim.xsd">
   <leader>00925njm 22002777a 4500</leader>
   <datafield ind2=" " ind1=" " tag="042">
      <subfield code="a">dc</subfield>
   </datafield>
   <datafield ind2=" " ind1=" " tag="720">
      <subfield code="a">Rodríguez Rodríguez, Patricia</subfield>
      <subfield code="e">author</subfield>
   </datafield>
   <datafield ind2=" " ind1=" " tag="260">
      <subfield code="c">2012-09-20</subfield>
   </datafield>
   <datafield ind2=" " ind1=" " tag="520">
      <subfield code="a">Hoy en día es más acusado el interés que muestran las empresas por el&#xd;
mercado de los sensores debido a las grandes facilidades que éstos&#xd;
proporcionan. Para la utilización de dichos dispositivos se ha desarrollado un&#xd;
nuevo estándar el IEEE 802.15.4 donde se definen la capa física y MAC de&#xd;
una red inalámbrica.&#xd;
La domótica, como aplicación de los principios de la ingeniería para controlar o&#xd;
modificar servicios del hogar, entre ellos el eléctrico, desarrolla métodos y&#xd;
aplicaciones cada vez más complejas que proporcionan mayor comodidad y&#xd;
seguridad en la vida diaria de sus consumidores.&#xd;
Con el fin de reducir y hacer un uso eficiente del consumo eléctrico se propone&#xd;
como objetivo principal de este TFC un primer prototipo para el desarrollo de&#xd;
un sistema autónomo de medida eléctrica mediante el microcontrolador&#xd;
CC2430, así como las pruebas necesarias para comprobar su viabilidad en un&#xd;
entorno real. Además se pretende que dicho sistema sea de bajo de consumo&#xd;
y portátil.</subfield>
   </datafield>
   <datafield ind2=" " ind1=" " tag="520">
      <subfield code="a">English: Nowadays is more accused the interest showing the companies by the market&#xd;
of the sensors due to the large facilities that they provide. For the use of such&#xd;
devices has developed a new standard IEEE 802.15.4, where define the&#xd;
physical layer and MAC on a wireless network.&#xd;
Home Automation, as an application of the principles of engineering to control&#xd;
or modify services in the home, including electric, develops methods and more&#xd;
complex applications that provide more comfort and safety in the daily lives of&#xd;
consumers.&#xd;
A first prototype for the development of an autonomous system of electrical&#xd;
measurement using the CC2430 microcontroller, as well as the necessary tests&#xd;
to verify their viability in a real environment is proposed as main objective of&#xd;
this TFC to reduce and make efficient use of the power consumption. It is also&#xd;
intended to make such a system of low-power and portable</subfield>
   </datafield>
   <datafield tag="653" ind2=" " ind1=" ">
      <subfield code="a">Àrees temàtiques de la UPC::Edificació::Instal·lacions i acondicionament d'edificis::Domòtica</subfield>
   </datafield>
   <datafield tag="653" ind2=" " ind1=" ">
      <subfield code="a">Àrees temàtiques de la UPC::Enginyeria electrònica::Instrumentació i mesura::Sensors i actuadors</subfield>
   </datafield>
   <datafield tag="653" ind2=" " ind1=" ">
      <subfield code="a">Home automation</subfield>
   </datafield>
   <datafield tag="653" ind2=" " ind1=" ">
      <subfield code="a">Sensor networks</subfield>
   </datafield>
   <datafield tag="653" ind2=" " ind1=" ">
      <subfield code="a">Domòtica</subfield>
   </datafield>
   <datafield tag="653" ind2=" " ind1=" ">
      <subfield code="a">Sensors</subfield>
   </datafield>
   <datafield tag="653" ind2=" " ind1=" ">
      <subfield code="a">Multisalt</subfield>
   </datafield>
   <datafield tag="653" ind2=" " ind1=" ">
      <subfield code="a">Infrarojos</subfield>
   </datafield>
   <datafield tag="653" ind2=" " ind1=" ">
      <subfield code="a">IEEE 802.15.4</subfield>
   </datafield>
   <datafield tag="653" ind2=" " ind1=" ">
      <subfield code="a">Consum</subfield>
   </datafield>
   <datafield tag="653" ind2=" " ind1=" ">
      <subfield code="a">Protocol de difusió</subfield>
   </datafield>
   <datafield tag="653" ind2=" " ind1=" ">
      <subfield code="a">Domòtica</subfield>
   </datafield>
   <datafield tag="653" ind2=" " ind1=" ">
      <subfield code="a">Detectors</subfield>
   </datafield>
   <datafield ind2="0" ind1="0" tag="245">
      <subfield code="a">Mòdul ampliat per a una solució domòtica basada en sensors</subfield>
   </datafield>
</record></metadata></record></GetRecord></OAI-PMH>